|
|
|
|
| LEADER |
00974nam a22002412a 4500 |
| 001 |
000298065 |
| 003 |
CZ BrMZK |
| 005 |
19980107143423.0 |
| 008 |
980107s1990 xr f cze d |
| 040 |
|
|
|a BOA001
|b cze
|
| 080 |
|
|
|a 372.880.20(076):373.3
|2 MRF
|
| 100 |
1 |
|
|a Tandlichová, Eva,
|d 1943-
|7 xx0013724
|
| 245 |
1 |
0 |
|a Metodická příručka k učebnici Angličtina pro základní školy s třídami s rozšířeným vyučováním jazyků.
|n Díl 2 /
|c Eva Tandlichová, Jaroslava Fabianová
|
| 250 |
|
|
|a 3. vyd.
|
| 260 |
|
|
|a Praha :
|b SPN,
|c 1990
|
| 300 |
|
|
|a 109 s.
|
| 490 |
1 |
|
|a Metodické příručky k učebnicím
|
| 700 |
1 |
|
|a Fabiánová, Jaroslava
|7 jx20041222008
|
| 830 |
|
0 |
|a Metodické příručky k učebnicím
|0 s
|
| 910 |
|
|
|a BOA001
|b PK-0112.676,2
|
| 964 |
|
|
|a Angličtina - metodiky - školy základní s rozšířeným vyučováním jazyků
|
| 990 |
|
|
|a BK
|
| 996 |
7 |
|
|b 3119923100
|c PK-0112.676,2
|l MZK
|r Sklad / do 1 hodiny
|n 1
|w 000298065
|u 000010
|a 1
|e BOA001
|j MZK50
|s A
|